Spolok absolventov a priateľov FEI STU - EF SVŠT. Ročenka 2014

Saved in:
Bibliographic Details
Other Authors: Chromý, Erik, 1981- (Editor)
Format: Book
Language:Slovak
Published: Bratislava : STU v Bratislave, 2015
Edition:1. vyd.
Subjects:
Tags: Add Tag
No Tags, Be the first to tag this record!

MARC

LEADER 00000nam a22000003a 4500
001 0007517
003 SK-STU
005 20230308103341.2
007 ta
008 150930s ----xo-----e------000-0-----d
020 |a 978-80-227-4328-0 
040 |a STU  |b slo 
041 0 |a slo 
245 1 0 |a Spolok absolventov a priateľov FEI STU - EF SVŠT. Ročenka 2014 
250 |a 1. vyd. 
260 |a Bratislava :  |b STU v Bratislave,  |c 2015 
300 |a 123 s. 
650 0 7 |a absolventi 
650 0 7 |a spolky 
700 1 |a Chromý, Erik,  |d 1981-  |u 037000  |r Z1  |4 edt  |9 100  |U FEI Fakulta elektrotechniky a informatiky  |T FEI Ústav telekomunikácií  |X 3861  |U E070  |Y 818  |7 A000003861 
996 |b 284EO00443  |c E*O-443  |l EE0102  |s P  |a 0  |w 0007517_0001